Viaje del Parnaso. Compuesto por Miguel de Cervantes Saavedra. Edición crítica. Anotada por J. T. Medina. De la Academia Chilena Correspondiente de la Real Española de la Lengua. I, Texto y anotaciones; II Notas biográficas y bibliografía
Wedi'i Gadw mewn:
| Prif Awdur: | |
|---|---|
| Fformat: | Llyfr |
| Iaith: | Sbaeneg |
| Cyhoeddwyd: |
Santiago
Imprenta Universitaria. Estado 63
1925
|
| Rhifyn: | 1a. ed |
| Pynciau: | |
| Tagiau: |
Ychwanegu Tag
Dim Tagiau, Byddwch y cyntaf i dagio'r cofnod hwn!
|
MARC
| LEADER | 00000nam a2200000 a 4500 | ||
|---|---|---|---|
| 001 | UCJ3826 | ||
| 003 | CL-VaPUC | ||
| 005 | 20241025114800.0 | ||
| 008 | 070124e19250000CL |||||||||||||||||spa|d | ||
| 999 | |c 319948 |d 319946 | ||
| 040 | |c Pontificia Universidad Católica de Valparaíso | ||
| 082 | 0 | 4 | |a 983 |b MED |2 21 |
| 100 | 1 | |a Cervantes Saaverdra, Miguel de |e autor |9 864445 | |
| 245 | 1 | 0 | |a Viaje del Parnaso. Compuesto por Miguel de Cervantes Saavedra. Edición crítica. Anotada por J. T. Medina. De la Academia Chilena Correspondiente de la Real Española de la Lengua. I, Texto y anotaciones; II Notas biográficas y bibliografía |
| 250 | |a 1a. ed | ||
| 260 | |a Santiago |b Imprenta Universitaria. Estado 63 |c 1925 | ||
| 300 | |a 2 v | ||
| 500 | |a 8§.- 2 vols.- Vol. I Anteport.- v.: (entre filetes) Tirada de 200 ejemplares.- Port. a dos tintas.- v. en bl.- Vol. II Anteport.- v.: (entre filetes) Tirada de 200 ejemplares.- Port. a dos tintas.-v. en bl.- Feliú Cruz, N§ 328 y 329 | ||
| 583 | |a last modification |c 20070124 00:00:00 |k Rodrigo Vera | ||
| 600 | 0 | 7 | |a LEONARDO DE ARGENSOLA, BARTOLOME |2 CL-VaPUC |9 506231 |
| 600 | 0 | 7 | |a LEONARDO DE ARGENSOLA, LUPERCIO |2 CL-VaPUC |9 506232 |
| 600 | 0 | 7 | |a GONGORA Y ARGOTE, LUIS DE |2 CL-VaPUC |9 267951 |
| 600 | 0 | 7 | |a Mira de Amescua, Antonio, |d 1577-1636 |9 865890 |
| 600 | 0 | |a Cervantes y Saavedra, Miguel de |9 267947 | |
| 650 | 0 | |a Crítica literaria |9 269189 | |
| 650 | 0 | |a Siglo de oro español |9 414273 | |
| 650 | 0 | |a Poesía española |9 264938 | |
| 650 | 0 | |a Biografías |9 255210 | |
| 650 | 0 | |a Bibliografías |9 257071 | |
| 942 | |c BK |2 ddc | ||
| 945 | |d 20070124 00:00:00 |a rinostro | ||
| 952 | |0 0 |1 0 |4 0 |6 983_000000000000000_MED_1925 |7 0 |8 X |9 398357 |a FDOBUD |b FDOBUD |d 2019-11-22 |h v.1 |i 100820K |o 983 MED 1925 |p 100820K |r 2019-11-22 |w 2019-11-22 |y BK_X |k BUD | ||
| 952 | |0 0 |1 0 |4 0 |6 983_000000000000000_MED_1925 |7 0 |8 X |9 398358 |a FDOBUD |b FDOBUD |d 2019-11-22 |h v.2 |i 1008218 |o 983 MED 1925 |p 1008218 |r 2019-11-22 |w 2019-11-22 |y BK_X |k BUD | ||